000 00553nam a2200229Ia 4500
003 OSt
005 20220924152930.0
006 a|||||r|||| 00| 0
007 ta
008 220923b |||||||| |||| 00| 0 guj d
024 _a345920
037 _cTextual
040 _aARTS
_cARTS
_bguj
041 _2guj
_aguj
082 _aO156,2N15,4, K4
100 _aThakar
_9227845
245 0 _aSupriya
260 _c1964
650 _aGUJRATI LITERATURE
942 _hO156,2N15,4, K4
_cTEXL
_2CC
999 _c471587
_d471587